| 000 | 00366nam a2200133 a 4500 | ||
|---|---|---|---|
| 005 | 20140414131906.0 | ||
| 008 | 100902s19uu xx 00 eng d | ||
| 050 |
_aFIC _bW24 1994 |
||
| 100 | _aWarner, Gertrude Chandler | ||
| 245 | _aThe canoe trip mystery. | ||
| 260 |
_aNew York : _bScholastic , _c1994. |
||
| 440 | _aThe Boxcar children mystery | ||
| 999 |
_c110940 _d110940 |
||